000 00485nam a2200193 i 4500
001 bg
100 1 _aSADOWSKI, Andrzej
245 0 _aPomiary warsztatowe i ćwiczenia /
_cAndrzej Sadowski.
250 _aWyd.3.
260 _aWarszawa :
_bPWN,
_c1973.
650 9 _aPomiary
650 9 _aPrzyrządy pomiarowe
655 _aPodręczniki akademickie
040 _cBPK
041 _apol
080 _a53.08+531.7](075.8)
942 _cKS
008 s pl f |000 0 pol
999 _c7663
_d7663
856 _uhttp://koha.tu.koszalin.pl/cgi-bin/koha/opac-detail.pl?biblionumber=7663
_yKatalog online BPK